| 000 | 00655nam a22002177a 4500 | ||
|---|---|---|---|
| 999 |
_c1143 _d1143 |
||
| 001 | 17203 | ||
| 003 | BD-DhUAP | ||
| 005 | 20200203113335.0 | ||
| 008 | 200203s2008 bg ||||| b||| 001 0 eng d | ||
| 020 | _a9843000010959 | ||
| 040 |
_aBD-DhUAP _bEng _cBD-DhUAP _dBD-DhUAP |
||
| 082 |
_223 _a340.59 FAI |
||
| 100 | _aFaiz-Ud-Din, Muhammad. | ||
| 245 |
_aA text book on Islamic law : _bincluding statutory family laws / _cMuhammad Faiz-Ud-Din. |
||
| 250 | _a1st ed. | ||
| 260 |
_aDhaka : _bDhams publications, _cc2008. |
||
| 300 |
_axxxvi, 399 pages ; _c23 cm. |
||
| 504 | _aIncludes bibliographies and index. | ||
| 650 |
_aIslamic _vLaw. |
||
| 942 |
_2ddc _cBK |
||